000 00962nam a22003017a 4500
001 6952
003 FISKH
005 20250611152953.0
008 250611b cb ||||| |||| 00| 0 eng d
020 _a0590410814
040 _aFISKH
_beng
_cFISKH
_dFISKH
050 _aPZ8.A278 E
082 _a823.914
100 _aAhlberg, Janet
_d(1944–1994)
245 _aEach peach pear plum /
_cJanet and Allan Ahlberg
250 _aThis edition first published in 1978
260 _aNew York :
_bScholastic,
_c1978
300 _a26 unnumbered pages :
_bcolor illustrations ;
_c20 x 25 cm
505 _aG
520 _aRhymed text and illustrations invite the reader to play "I Spy" with a variety of Mother Goose and other folklore characters.
521 8 _a370
_bLexile
521 8 _aG
_bRaz-Plus
650 _2Picture book
_aRhyme
650 _2Fairy tales
_aChildren
700 _aAhlberg, Allan
_d(1938-)
942 _2ddc
_cBK
_n0
999 _c6952
_d6952